Javlenija perenosa v poluprovodnikovych plenkach

Gespeichert in:
Bibliographische Detailangaben
Hauptverfasser: Kravčenko, A.F (Verfasst von), Mitin, Vladimir V. (Verfasst von), Skok, E.M (Verfasst von)
Format: Buch
Sprache:Russisch
Veröffentlicht: Moskva : Nauka, 1979
Tags: Tag hinzufügen
Keine Tags, Fügen Sie das erste Tag hinzu!

MARC

LEADER 00000nam a22000003a 4500
001 stu183854
005 20150617225608.4
008 090506s1986----xxr-----------------rus-d
040 |a STU  |b slo 
041 0 |a rus 
044 |a xxr 
080 |a 537.311.322 
100 1 |a Kravčenko, A.F.  |4 aut 
245 1 |a Javlenija perenosa v poluprovodnikovych plenkach 
260 |a Moskva :  |b Nauka,  |c 1979 
300 |a 251 s 
700 1 |a Mitin, Vladimir V.  |4 aut 
700 1 |a Skok, E.M.  |4 aut 
996 |b E43651  |c E*43651  |l EE05  |s P  |a 0  |w stu183854_0001